Roblox-Grace-Entités-The Content Update - Statistiques

Statistiques générales
  • Ce quiz a été pris 8 fois
  • Le résultat moyen est 7 sur 12
Statistiques - réponses
Par images Hint Réponse % Correct
Confirmé Goatman
100%
Confirmé Dozer
75%
Non Confirmé God
75%
Confirmé Carnation
50%
En test Doppel
50%
Confirmé Elkman
50%
Confirmé Heed
50%
En test Litany
50%
Confirmé Slight
50%
Confirmé Slugfish
50%
Confirmé Sorrow
50%
Confirmé Tampered Door
50%
Aucun quiz correspondant
Distribution des résultats
% des personnes avec chaque résultat
Percentile par nombre de réponses
Votre historique - résultats
Vous n’avez pas pris ce quiz